A sword for the convicted : representing indigent defendants on appeal /

Bibliographic Details
Main Author: Wasserman, David T.
Format: Book
Language:English
Published: New York : Greenwood Press, 1990.
Series:Contributions in criminology and penology. no. 30.
Subjects:

MARC

Tag First Indicator Second Indicator Subfields
LEADER 00000cam a22000008a 4500
001 in00000970479
005 20150927112610.0
008 891130s1990 ctu b 00110 eng
010 |a  89025909  
020 |a 0313268819 (lib. bdg. : alk. paper) 
035 |a (OCoLC)20800156 
035 |9 AEW4532AM 
040 |a DLC  |c DLC  |d UtOrBLW 
043 |a n-us-ny 
049 |a TXAM 
050 0 0 |a KFX2093  |b .W37 1990 
082 0 0 |a 347.747/08  |a 347.47078  |2 20 
100 1 |a Wasserman, David T. 
245 1 2 |a A sword for the convicted :  |b representing indigent defendants on appeal /  |c David T. Wasserman ; foreword by James B. Jacobs. 
263 |a 9009 
264 1 |a New York :  |b Greenwood Press,  |c 1990. 
300 |a 270 pages :  |b illustrations 
336 |a text  |b txt  |2 rdacontent 
337 |a unmediated  |b n  |2 rdamedia 
338 |a volume  |b nc  |2 rdacarrier 
490 1 |a Contributions in criminology and penology,  |x 0732-4464 ;  |v no. 30 
504 |a Includes bibliographical references and index. 
650 0 |a Appellate procedure  |z New York (State)  |z New York. 
650 0 |a Criminal procedure  |z New York (State)  |z New York. 
650 0 |a Legal aid  |z New York (State)  |z New York. 
650 0 |a Appellate procedure  |z New York (State) 
650 0 |a Criminal procedure  |z New York (State) 
650 0 |a Legal aid  |z New York (State) 
830 0 |a Contributions in criminology and penology.  |x 0732-4464 ;  |v no. 30. 
999 |a MARS 
999 f f |s 99e9f664-a02f-3bed-84e8-cd8412987b90  |i 3946976f-d79e-3048-bf77-51a113b4c6e1  |t 0 
952 f f |p ric  |a Texas A&M University  |b Rellis Campus  |c Joint Library Facility  |d Remote Storage  |t 0  |e KFX2093 .W37 1990  |h Library of Congress classification  |i unmediated -- volume  |m A14813790409 
998 f f |a KFX2093 .W37 1990  |t 0  |l Remote Storage